000 00645nam a2200205Ia 4500
003 GCL
008 140319s9999 xx 000 0 ara d
040 _aGCL /
_cGCL
082 0 4 _a823.0876
_bع ن
100 1 _aلينجيل، كامب
245 1 0 _aالنسر /
_cلينجيل، كامب
700 1 _aعبدالحميد الجمال
260 _a[S.N] :
_bالهيئة المصرية العامة للكتاب ،
_c1988
300 _a271 ص
490 _a
650 0 4 _aالقصص العلمية
650 0 4 _aالقصص الامريكية المترجمة
650 0 4 _aالادب الامريكى المترجم
942 _2ddc
_cBK
999 _c30175
_d30175